000 00335 a2200157 4500
001 192557
020 _a978-85-7398-731-7
040 _cMagnum
100 _aBeli, Roberto
240 1 0 _aRiki está mentindo
_lpor
245 1 0 _aRiki está mentindo
300 _a18
362 0 _a2012
697 _aLITERATURA INFANTIL
942 _cBK
999 _c192557
_d192557